Tilastot visalle Suomalaisille tuttuja tuotteiden ja yritysten mainoslauseita

Klikkaa tästä pelataksesi tätä visaa!

Yleistilastot

  • Tätä visaa on pelattu 426 kertaa
  • Keskiarvotulos 7 / 15

Vastaustilastot

maaSloganTuote / yritys% Oikein
Yhdysvallat"I'm lovin' it"McDonald's
87%
Saksa"Taattua laatua, vain _______stä!"Lidl
85%
Yhdysvallat"Just Do It"Nike
84%
Suomi"Nopeaa ja mukavaa on asiointi"R-kioski
74%
Suomi"Elämä on."Dna
71%
Suomi"Connecting people"Nokia
70%
Suomi"Puhdas koti vetää puoleensa"Kiilto
59%
Ranska"Because you're worth it"L'Oréal
52%
Suomi"Tunteella ja taidolla"Juhla Mokka (Paulig)
38%
Suomi"Niin hyvää ettei sanotuksi saa"Kismet (Fazer)
36%
Suomi"Enemmän kuin edullinen"S-market
24%
Suomi"Suomen suosituin leipä"Vaasan ruispalat
22%
Suomi"Oikea _____________ "Oltermanni (Valio)
20%
Suomi"Iloa elämään"Veikkaus
18%
Suomi"Nopea halpa luotettava"Onnibus
7%

Tulosjakauma

Persentiili vastausten määrän mukaan

Jokaisen tuloksen saaneiden osuus

Tuloshistoriasi

Et ole pelannut tätä visaa